Những quy định mới nhất về lĩnh vực nhà đất và xây dựng
Nội dung quyển sách là các quy định hiện hành của nhà nước về lĩnh vực nhà đất, lĩnh vực xây dựng. Thông qua các nghị quyết, nghị định, các thông tư hướng dẫn thực hiện và quản lí trong các lĩnh vực này....
Enregistré dans:
| Format: | Livre |
|---|---|
| Langue: | Undetermined |
| Publié: |
Hà Nội
Lao động - Xã hội
2007
|
| Sujets: | |
| Tags: |
Ajouter un tag
Pas de tags, Soyez le premier à ajouter un tag!
|
| Thư viện lưu trữ: | Trung tâm Học liệu Trường Đại học Cần Thơ |
|---|
| LEADER | 00955nam a2200205Ia 4500 | ||
|---|---|---|---|
| 001 | CTU_121323 | ||
| 008 | 210402s9999 xx 000 0 und d | ||
| 020 | |c 270000 | ||
| 082 | |a 354.64 | ||
| 082 | |b Nh556 | ||
| 245 | 0 | |a Những quy định mới nhất về lĩnh vực nhà đất và xây dựng | |
| 245 | 0 | |c Hồ Ngọc Cẩn biên soạn | |
| 260 | |a Hà Nội | ||
| 260 | |b Lao động - Xã hội | ||
| 260 | |c 2007 | ||
| 520 | |a Nội dung quyển sách là các quy định hiện hành của nhà nước về lĩnh vực nhà đất, lĩnh vực xây dựng. Thông qua các nghị quyết, nghị định, các thông tư hướng dẫn thực hiện và quản lí trong các lĩnh vực này. | ||
| 650 | |a Construction industry,Land use | ||
| 650 | |x Management,Management | ||
| 904 | |i Minh | ||
| 980 | |a Trung tâm Học liệu Trường Đại học Cần Thơ | ||